Sur del Meta (Registro nro. 6648)
[ vista simple ]
| 000 -CABECERA | |
|---|---|
| Campo de control | 00866cam a2200241 a 4500 |
| 005 - FECHA Y HORA DE LA ULTIMA TRANSACCION | |
| Campo de control | 20160801100151.0 |
| 008 - ELEMENTOS DE LONGITUD FIJA—INFORMACION GENERAL | |
| Campo de control | 080603s2007 ck ad r 000 0 spa d |
| 020 ## - ISBN | |
| ISBN | 9789588317366 |
| 040 ## - FUENTE DE CATALOGACIÓN | |
| Agencia catalogadora original | CO-BoPUJ |
| Agencia transcriptora | CO-BoIAVH |
| Agencia Modificadora | CO-BoIAVH |
| 041 0# - IDIOMA | |
| Código de idioma para texto/pista de sonido o título separado | Español |
| 044 ## - PAÍS DE PUBLICACIÓN | |
| País de publicación | Colombia |
| 082 04 - NUMERO DE CLASIFICACION DECIMAL DEWEY | |
| Número de clasificación | 306.364 |
| Número del ítem | A72s |
| 100 1# - ASIENTO PRINCIPAL--NOMBRE PERSONAL | |
| Nombre personal | Arcila Niño, Oscar Hernando |
| 9 (RLIN) | 73801 |
| 245 10 - MENCION DE TITULO | |
| Título | Sur del Meta |
| Parte restante del título | territorio amazónico |
| Mención de responsabilidad | Oscar Arcila Niño y Carlos Ariel Salazar |
| 250 ## - MENCION DE EDICION | |
| Mención de edición | 1a ed. |
| 260 ## - PUBLICACION, DISTRIBUCION, ETC. (PIE DE IMPRENTA) | |
| Lugar de publicación, distribución, etc. | Bogotá : |
| Nombre del editor, distribuidor, etc. | Instituto Amazónico de Investigaciones Científicas, SINCHI, |
| Fecha de publicación, distribución, etc. | 2007. |
| 300 ## - DESCRIPCION FISICA | |
| Extensión | 201 páginas : |
| Otros detalles físicos | ilustraciones, tablas a color ; |
| Dimensiones | 28 cm. |
| 504 ## - NOTA DE BIBLIOGRAFIA, ETC. | |
| Nota de bibliografía | Incluye referencias bibliográficas (páginas 189-194). |
| 650 14 - ASIENTO SECUNDARIO DE MATERIA - TERMINO TEMATICO | |
| Término temático o nombre geográfico como elemento de entrada | Geografía económica |
| 9 (RLIN) | 44340 |
| 650 24 - ASIENTO SECUNDARIO DE MATERIA - TERMINO TEMATICO | |
| Término temático o nombre geográfico como elemento de entrada | Dinámica de la población |
| 9 (RLIN) | 17246 |
| 700 1# - ASIENTO SECUNDARIO - NOMBRE PERSONAL | |
| Nombre personal | Salazar Cardona, Carlos Ariel |
| 9 (RLIN) | 29834 |
| 942 ## - ELEMENTOS ADICIONALES (KOHA) | |
| Sistema de clasificación | Dewey Decimal Classification |
| Tipo de ítem | Libro |
| Withdrawn status | Lost status | Sistema de Clasificación | Damaged status | No para préstamo | Colección | Ubicación Permanente | Ubicación actual | Fecha de adquisición | Total Checkouts | Número topográfico | Inventario / Código de Barras | Date last seen | Ejemplar | Price effective from | Tipo de material | Inventariado | Fuente de Valor | Valor | Forma de adquisición |
|---|---|---|---|---|---|---|---|---|---|---|---|---|---|---|---|---|---|---|---|
| Dewey Decimal Classification | General | Bogotá | Bogotá | 07/11/2008 | LB-306.364 A72s | 026553 | 04/12/2012 | Ej.1 | 04/12/2012 | Libro | |||||||||
| Dewey Decimal Classification | General | Sala Fabio Quevedo | Sala Fabio Quevedo | 07/09/2016 | LB-306.364 A72s | 040657 | 07/09/2016 | Ej. 2 | 07/09/2016 | Libro | Inventariado 2017 | Instituto | 39000.00 | Donación |